000 00510nam a2200181Ia 4500
001 4031
005 20260306145726.0
008 260306t2014||||xx |||||||||||||| ||spa||
041 _aESP
082 _a306.6985
_bO677
100 _aOssio Acuña, Juan
_eAUT
245 0 _aEl Tahuantinsuyo bíblico:
_bEzequiel Ataucusi Gamonal y el mesianismo de los Israelitas del Nuevo Pacto Universal
260 _c2014
300 _a400 páginas :
_c24 cm.
650 _aGEN
654 _aCHU
942 _cLIB
_dJUS
_fJUS
_2ddc
_n
999 _c4031
_d4031